000
00298nam a22001337a 4500
008
171107b xxu||||| |||| 00| 0 eng d
020
_a
007041542
041
_a
eng
080
_2
6 ED
_a
330.722.6
100
_a
62
101
_a
KOK
245
_a
FINANCIAL ACCOUTING
_c
MEIGS.R.F
942
_2
udc
_c
BK
999
_c
37956
_d
37956